000 00747nam a2200205Ia 4500
005 20241216011211.0
008 190429s9999||||xx |||||||||||||| ||und||
082 _a379.2
_bG25
100 _aGARCIA SEGURA MIRNA ARACELLY
245 0 _aEL CLIMA ORGANIZACIONAL Y SU RELACION EN LA GESTION PEDAGOGICA DE LAS INSTITUCIONES EDUCATIVAS DEL NIVEL SECUNDARIO DEL DISTRITO DE NAZCA EN EL AÑO 2012
250 _a0
260 _aCERRO DE PASCO-PERU
_bUNDAC
_c2013
300 _a100 pag.
_c30 cm.
341 _h0
490 _v0
_a0
505 _aPROBLEMA DE INVESTIGACION, MARCO TEORICO, METODOLOGIA Y TECNICAS DE INVESTIGACION, RESULTADOS Y DISCUSION
541 _aD
_bGARCIA SEGURA MIRNA ARACY
_d17-Aug-16
_oSoles
650 _a6LGEP
942 _cTESIS
999 _c35381
_d35381